Loading...
| Literature - American Literature | 0 | 3 | 0 | 0 | 30 | 81 | 94.00 | 3 | 3 |
| Science - Biology | 0 | 3 | 0 | 0 | 30 | 92 | 104.33 | 1 | 3 |
| Literature - World Literature | 0 | 3 | 1 | 0 | 25 | 56 | 88.67 | 3 | 3 |
| Literature - European Literature | 0 | 3 | 1 | 0 | 25 | 95 | 99.00 | 3 | 3 |
| Literature - British Literature | 0 | 2 | 0 | 0 | 20 | 56 | 78.00 | 2 | 2 |
| Science - Other Science | 0 | 1 | 0 | 0 | 10 | 109 | 109.00 | 0 | 1 |
| History - European History | 0 | 1 | 0 | 0 | 10 | 117 | 117.00 | 0 | 1 |
| Fine Arts - Painting & Sculpture | 0 | 1 | 0 | 0 | 10 | 93 | 93.00 | 0 | 1 |
| History - Other History | 0 | 1 | 0 | 0 | 10 | 136 | 136.00 | 1 | 1 |
| Fine Arts - Other Fine Arts | 0 | 0 | 0 | 0 | 0 | 0.00 | 0 | 0 | |
| Science - Physics | 0 | 0 | 1 | 0 | -5 | 0.00 | 0 | 0 | |
| History - World History | 0 | 0 | 2 | 0 | -10 | 0.00 | 0 | 0 |